| 000 | 00659nam a2200193 i 4500 | ||
|---|---|---|---|
| 001 | 172394 | ||
| 003 | ES-MaACL | ||
| 005 | 20230906214910.0 | ||
| 008 | 090630s1966 fr |||| | fre d | ||
| 080 | _a782.1 | ||
| 100 | 1 |
_aCarré, Michel. _9138040 |
|
| 245 | 1 | 0 |
_aMignon _b: opéra-comique en trois actes / _cmusique de Ambroise Thomas ; texte de M. Carré et J. Barbier. |
| 260 |
_aParis : _bM.-R. Braun, _c1966. |
||
| 300 |
_a104 p. ; _c17 cm. |
||
| 650 | 4 |
_aÓperas- _vLibretos. _9137584 |
|
| 700 | 0 |
_aBarbier, Jules. _925457 |
|
| 700 | 1 |
_aThomas, Ambroise. _9138039 |
|
| 852 | 4 |
_aES-MaACL _jE-12734 _9R.190313 _z. - Biblioteca Jacinto Martínez Lacalle |
|
| 999 |
_c172394 _d172394 |
||